000 00545nam a22001817a 4500
005 20240920160848.0
008 240920b |||||||| |||| 00| 0 eng d
020 _a978-93-5480-134-1
041 _aeng
082 _a615.321
100 _aPANDA, DR. SANJAYA KUMAR & CHAWLA, DR. PAYAL & BRIHEMAYA, PANKAJ KUMAR AND KANT, SHIVA
_98567
245 _aPHARMACOGNOSY [D.PHARMA, 1ST YEAR ]
250 _a1ST RE.PRINT ED. 2024
260 _aLUCKNOW
_bTHAKUR PUBLICATION PVT.LTD
300 _a208;P
650 _aPHARMACY
_xD.PHARMA
942 _cBK
999 _c8696
_d8694